[Event "Maia op 7th"]
[Site "Maia"]
[Date "2023.09.02"]
[Round "9"]
[White "Postny, Evgeny"]
[Black "Sun, Chao"]
[Result "1-0"]
[WhiteElo "2570"]
[BlackElo "2112"]
[PlyCount "91"]
[EventDate "2023.08.25"]
[EventType "swiss"]
[EventRounds "9"]
[EventCountry "POR"]
[SourceTitle "EXT 2024"]
[Source "ChessBase"]
[SourceDate "2023.10.10"]
[SourceVersion "1"]
[SourceVersionDate "2023.10.10"]
[SourceQuality "1"]

1. d4 d5 2. c4 c6 3. Nf3 Nf6 4. e3 g6 5. Nc3 Bg7 6. Be2 0-0 7. 0-0 dxc4 8. Bxc4 b5 9. Bd3 a5 10. e4 Bg4 11. e5 Nd5 12. h3 Be6 13. Re1 Na6 14. Ng5 Nxc3 15. bxc3 Bd5 16. a4 Nc7 17. Qg4 h6 18. Ne4 Bc4 19. Bxc4 bxc4 20. Qe2 Nd5 21. Qxc4 Qb6 22. Ba3 Rfb8 23. Nc5 e6 24. Qd3 Qd8 25. Ne4 Bf8 26. Bxf8 Kxf8 27. Rab1 Rxb1 28. Rxb1 Rb8 29. Nd6 Rxb1+ 30. Qxb1 Qb6 31. Qc1 g5 32. Qc2 Kg8 33. g3 c5 34. c4 Ne7 35. Qe4 Qc6 36. Qb1 cxd4 37. Qb8+ Kg7 38. Qa7 Kf8 39. Qxa5 Qd7 40. Qb5 Nc6 41. c5 Qc7 42. Qa6 Qd7 43. f4 gxf4 44. gxf4 Ne7 45. Qa8+ Kg7 46. Ne8+ 1-0

[Event "Lignano Bella Italia op 2nd"]
[Site "Lignano Sabbiadoro"]
[Date "2023.08.20"]
[Round "6"]
[White "Sun, Chao"]
[Black "Urbani, Gabriel"]
[Result "1/2-1/2"]
[WhiteElo "2112"]
[BlackElo "2216"]
[PlyCount "101"]
[EventDate "2023.08.17"]
[EventType "swiss"]
[EventRounds "9"]
[EventCountry "ITA"]
[SourceTitle "EXT 2024"]
[Source "ChessBase"]
[SourceDate "2023.10.10"]
[SourceVersion "1"]
[SourceVersionDate "2023.10.10"]
[SourceQuality "1"]

1. Nf3 d5 2. g3 Nf6 3. d4 e6 4. c4 Be7 5. Bg2 0-0 6. Nc3 dxc4 7. Ne5 Nc6 8. Bxc6 bxc6 9. Nxc6 Qe8 10. Nxe7+ Qxe7 11. Qa4 Bb7 12. 0-0 c5 13. dxc5 Qxc5 14. Be3 Qh5 15. f3 Rfc8 16. Rad1 Qh3 17. Rd4 Nd5 18. Bd2 Nb6 19. Qa5 Qf5 20. Qxf5 exf5 21. Rd1 Bc6 22. Rd6 Kf8 23. Be3 Rab8 24. R1d2 Ke8 25. Bd4 f6 26. Bxb6 axb6 27. a3 Ke7 28. Kf2 b5 29. Na2 Rd8 30. Rxd8 Rxd8 31. Rxd8 Kxd8 32. Ke3 Kc7 33. Kd4 Kd6 34. Nb4 Bb7 35. Nc2 Bc8 36. Ne3 Be6 37. Nd1 Bd7 38. Nc3 Bc6 39. Nd1 Bd7 40. h4 Be8 41. Ne3 Bd7 42. f4 Be6 43. Nd1 Bd5 44. Nc3 Bc6 45. e3 Bd7 46. Na2 Be6 47. Nb4 Bc8 48. a4 bxa4 49. Kxc4 Be6+ 50. Kd4 Bf7 51. Nd3 1/2-1/2

[Event "Thessaloniki op 3rd"]
[Site "Thessaloniki"]
[Date "2023.08.06"]
[Round "3"]
[White "Ladopoulos, Dimitrios"]
[Black "Sun, Chao"]
[Result "1/2-1/2"]
[WhiteElo "2382"]
[BlackElo "2112"]
[PlyCount "90"]
[EventDate "2023.08.05"]
[EventType "swiss"]
[EventRounds "9"]
[EventCountry "GRE"]
[SourceTitle "CBM 215 Extra"]
[Source "ChessBase"]
[SourceDate "2023.09.30"]
[SourceVersion "1"]
[SourceVersionDate "2023.09.30"]
[SourceQuality "1"]

1. d4 d5 2. c4 c6 3. Nf3 Nf6 4. e3 Bf5 5. Nh4 Bc8 6. Nc3 g6 7. Qb3 Bg7 8. Bd2 0-0 9. Bd3 dxc4 10. Bxc4 b5 11. Be2 a5 12. Qc2 Na6 13. 0-0 Nb4 14. Qd1 Nbd5 15. Qc2 Be6 16. Nxd5 Bxd5 17. Nf3 Ne4 18. Rfd1 Nxd2 19. Nxd2 Qb6 20. Bf3 Rac8 21. Rac1 Bxf3 22. Nxf3 Rfd8 23. Rd3 Qb8 24. Rc3 e5 25. dxe5 Bxe5 26. Rc5 Bg7 27. b3 Rd6 28. h4 h6 29. h5 g5 30. Qf5 Rcd8 31. g3 Qb7 32. Qc2 Rc8 33. Nd2 Re6 34. Rf5 Qe7 35. Rxb5 Rxe3 36. Rxa5 Re2 37. Qf5 Rd8 38. Nf3 Re4 39. Qc5 Qe6 40. Qf5 g4 41. Qxe6 fxe6 42. Nh2 Bd4 43. Rxc6 Bxf2+ 44. Kxf2 Rf8+ 45. Kg2 Rd8 1/2-1/2

[Event "Kavala op 32nd"]
[Site "Kavala"]
[Date "2023.07.28"]
[Round "1"]
[White "Kilic, Eray"]
[Black "Sun, Chao"]
[Result "1-0"]
[WhiteElo "2433"]
[BlackElo "2112"]
[PlyCount "83"]
[EventDate "2023.07.28"]
[EventType "swiss"]
[EventRounds "9"]
[EventCountry "GRE"]
[SourceTitle "CBM 215 Extra"]
[Source "ChessBase"]
[SourceDate "2023.09.30"]
[SourceVersion "1"]
[SourceVersionDate "2023.09.30"]
[SourceQuality "1"]

1. c4 Nf6 2. Nc3 e6 3. e4 e5 4. Nf3 Nc6 5. a3 d6 6. d4 Bg4 7. d5 Nd4 8. Be3 c5 9. dxc6 Nxc6 10. Be2 Be7 11. h3 Bh5 12. Nxe5 Bxe2 13. Nxc6 Bxd1 14. Nxd8 Bc2 15. Nxb7 Rb8 16. Na5 Rxb2 17. 0-0 Kd7 18. c5 dxc5 19. Bc1 Rb6 20. Re1 Ra6 21. Nc4 Rb8 22. Ra2 Bb3 23. Rb2 Bd8 24. e5 Ne8 25. Ne4 Kc8 26. Ncd6+ Nxd6 27. exd6 Rc6 28. Bf4 Kd7 29. Be3 c4 30. Nc5+ Rxc5 31. Bxc5 Bf6 32. Rbe2 a5 33. Re7+ Bxe7 34. Rxe7+ Kd8 35. Bd4 Ba4 36. Bxg7 Bd7 37. Bf6 Rb3 38. Re4+ Kc8 39. Rxc4+ Kb8 40. Bc3 Be6 41. Rc7 Rb5 42. Bd2 1-0

[Event "CHN-chTB"]
[Site "Hefei"]
[Date "2023.04.21"]
[Round "8"]
[White "Wang, Tongsen"]
[Black "Sun, Chao"]
[Result "1-0"]
[WhiteElo "2404"]
[BlackElo "2130"]
[PlyCount "107"]
[EventDate "2023.04.17"]
[EventType "team-swiss"]
[EventRounds "9"]
[EventCountry "CHN"]
[SourceTitle "EXT 2024"]
[Source "ChessBase"]
[SourceDate "2023.10.10"]
[SourceVersion "1"]
[SourceVersionDate "2023.10.10"]
[SourceQuality "1"]
[WhiteTeam "Qingdao Qingwei"]
[BlackTeam "Wuxi High Level"]
[WhiteTeamCountry "CHN"]
[BlackTeamCountry "CHN"]

1. e4 e5 2. Nc3 Nc6 3. g3 Bc5 4. Bg2 Nge7 5. Nge2 a6 6. d3 d6 7. f4 f5 8. fxe5 dxe5 9. Bg5 0-0 10. Qd2 h6 11. Be3 Bxe3 12. Qxe3 Qd6 13. Rf1 Be6 14. 0-0-0 Rad8 15. Rde1 Nd4 16. exf5 Ndxf5 17. Qe4 c6 18. Ng1 Ng6 19. Nf3 Bd5 20. Qg4 Nfe7 21. Ne4 Qc7 22. h4 Rf7 23. c4 Nf8 24. cxd5 cxd5+ 25. Kb1 dxe4 26. Qxe4 Nc6 27. Nxe5 Rxf1 28. Bxf1 Rd4 29. Qe3 Qxe5 30. Qxe5 Nxe5 31. Rxe5 Nd7 32. Re3 Kf7 33. Kc2 Nf6 34. Bg2 b6 35. Kc3 Rd7 36. Re5 Rc7+ 37. Kd2 Rd7 38. Bf3 g6 39. b4 Re7 40. Rxe7+ Kxe7 41. Ke3 g5 42. hxg5 hxg5 43. Bb7 a5 44. bxa5 bxa5 45. Kd4 Kd6 46. Kc4 g4 47. Kb5 Nh5 48. Bc8 Nxg3 49. Bxg4 a4 50. Kxa4 Kc5 51. Kb3 Kd4 52. a4 Nf1 53. a5 Kc5 54. d4+ 1-0

[Event "China zt 3.5"]
[Site "Shaoxing"]
[Date "2021.05.28"]
[Round "6"]
[White "Lu, Miaoyi"]
[Black "Sun, Chao"]
[Result "1/2-1/2"]
[WhiteElo "2244"]
[BlackElo "2089"]
[PlyCount "88"]
[EventDate "2021.05.23"]
[EventType "swiss"]
[EventRounds "9"]
[EventCountry "CHN"]
[SourceTitle "CBM 202 Extra"]
[Source "ChessBase"]
[SourceDate "2021.07.31"]
[SourceVersion "1"]
[SourceVersionDate "2021.07.31"]
[SourceQuality "1"]

1. e4 c6 2. d4 d5 3. e5 Bf5 4. Nf3 e6 5. Be2 Nd7 6. 0-0 h6 7. c3 Ne7 8. Nbd2 g5 9. b4 a5 10. Nb3 axb4 11. cxb4 Nc8 12. a3 b5 13. Ne1 Ncb6 14. Nd3 h5 15. Na5 Na4 16. Bd2 Qb6 17. Qc1 Rc8 18. Be3 Be7 19. Qd2 g4 20. Bd1 Qa6 21. Bxa4 bxa4 22. Nb2 Qb5 23. Nd1 Qd3 24. Nc3 Qxd2 25. Bxd2 Nb6 26. Rfc1 Kd7 27. Kf1 Bd3+ 28. Ke1 h4 29. Bf4 f5 30. Kd2 Bb5 31. Ke3 h3 32. g3 Rc7 33. Rc2 Ra7 34. Kd2 Rxa5 35. bxa5 Nc4+ 36. Ke1 Ra8 37. Bc1 Nxa5 38. Nxb5 cxb5 39. Bb2 Nb3 40. Rb1 f4 41. Ke2 Rf8 42. Rd1 f3+ 43. Kd3 Na5 44. Ra1 Nc4 1/2-1/2

[Event "China zt 3.5"]
[Site "Shaoxing"]
[Date "2021.05.26"]
[Round "4"]
[White "Zhu, Hengyi"]
[Black "Sun, Chao"]
[Result "1/2-1/2"]
[WhiteElo "2202"]
[BlackElo "2089"]
[PlyCount "80"]
[EventDate "2021.05.23"]
[EventType "swiss"]
[EventRounds "9"]
[EventCountry "CHN"]
[SourceTitle "CBM 202 Extra"]
[Source "ChessBase"]
[SourceDate "2021.07.31"]
[SourceVersion "1"]
[SourceVersionDate "2021.07.31"]
[SourceQuality "1"]

1. e4 e5 2. Nf3 Nc6 3. Bb5 Nf6 4. 0-0 Nxe4 5. Re1 Nd6 6. Nxe5 Nxe5 7. Rxe5+ Be7 8. Bf1 0-0 9. d4 Bf6 10. Re2 b6 11. Re1 Bb7 12. Bf4 Nf5 13. c3 d6 14. Nd2 Re8 15. Qg4 g6 16. Bb5 h5 17. Qh3 Rxe1+ 18. Rxe1 Bg5 19. Bxg5 Qxg5 20. Nf3 Qf4 21. Bd7 Ng7 22. Qg3 Qxg3 23. hxg3 Bd5 24. c4 Rd8 25. Bb5 Bxf3 26. gxf3 Ne6 27. d5 Nd4 28. Re7 Nxb5 29. cxb5 Rc8 30. f4 Kf8 31. Re4 Ra8 32. Ra4 Ke7 33. Kg2 Kd7 34. Kh3 Re8 35. Rxa7 Re2 36. Ra8 Rxb2 37. Rf8 Ke7 38. Rc8 Kd7 39. Rf8 Ke7 40. Rc8 Kd7 1/2-1/2

[Event "China zt 3.5"]
[Site "Shaoxing"]
[Date "2021.05.25"]
[Round "3"]
[White "Sun, Chao"]
[Black "Xiang, Zeyu"]
[Result "1/2-1/2"]
[WhiteElo "2089"]
[BlackElo "2446"]
[PlyCount "121"]
[EventDate "2021.05.23"]
[EventType "swiss"]
[EventRounds "9"]
[EventCountry "CHN"]
[SourceTitle "CBM 202 Extra"]
[Source "ChessBase"]
[SourceDate "2021.07.31"]
[SourceVersion "1"]
[SourceVersionDate "2021.07.31"]
[SourceQuality "1"]

1. Nf3 d5 2. e3 c5 3. b3 Nc6 4. Bb5 Bd7 5. Bb2 Nf6 6. 0-0 e6 7. c4 dxc4 8. bxc4 Bd6 9. d4 a6 10. Ba4 Na5 11. dxc5 Bxc5 12. Ne5 Bc6 13. Nxc6 Qxd1 14. Rxd1 Nxc6 15. Nd2 0-0-0 16. Nb3 Bb6 17. Bxc6 bxc6 18. Kf1 Rxd1+ 19. Rxd1 Rd8 20. Rxd8+ Bxd8 21. Nc5 Be7 22. Bxf6 gxf6 23. Nd3 Kc7 24. c5 f5 25. Ke2 f6 26. Kf3 Kd7 27. g4 fxg4+ 28. Kxg4 Bf8 29. e4 Ke8 30. f4 Kf7 31. f5 Be7 32. h3 Bf8 33. Kh5 exf5 34. exf5 Ke8 35. Kg4 Kd7 36. Kf3 Kc8 37. Ke4 Bh6 38. Kd4 Bd2 39. Nf2 Bc1 40. Ne4 Bb2+ 41. Ke3 Kd7 42. Nf2 Bc1+ 43. Kf3 Ke7 44. Nd3 Bd2 45. Ke2 Ba5 46. Nf4 Kd7 47. Ne6 Bb4 48. Kd3 Ba5 49. Nd4 Bb4 50. Kc4 Ba5 51. Ne2 Bd2 52. Ng3 Ke7 53. Ne4 Ba5 54. Nf2 Kd7 55. Nd3 Bd2 56. Kd4 Ba5 57. Nf4 Bd2 58. Ne6 Bb4 59. Ke3 Ba5 60. Kf3 Bd2 61. Ke4 1/2-1/2

[Event "Wch FIDE Online U18 Asia qual"]
[Site "Tornelo INT"]
[Date "2020.12.11"]
[Round "1"]
[White "Gupta, Sankalp"]
[Black "Sun, Chao"]
[Result "1-0"]
[WhiteElo "2429"]
[BlackElo "2089"]
[PlyCount "65"]
[EventDate "2020.12.11"]
[EventType "swiss (rapid)"]
[EventRounds "7"]
[EventCountry "ISS"]
[SourceTitle "EXT 2022"]
[Source "ChessBase"]
[SourceDate "2021.10.06"]
[SourceVersion "1"]
[SourceVersionDate "2021.10.06"]
[SourceQuality "1"]

1. e4 e5 2. Nf3 Nc6 3. Bb5 Nf6 4. d3 Bc5 5. c3 d6 6. 0-0 0-0 7. d4 Bb6 8. Bxc6 bxc6 9. Qc2 exd4 10. cxd4 c5 11. d5 Qe8 12. Re1 Bg4 13. Nbd2 Bh5 14. b3 Ba5 15. Bb2 Nd7 16. Re3 Bxd2 17. Nxd2 a5 18. a4 f6 19. Rae1 Nb6 20. f4 Bg6 21. Qc3 Qd7 22. Rg3 Rab8 23. Ree3 c4 24. Nxc4 Nxc4 25. Qxc4 Rb4 26. Qe2 c5 27. f5 Be8 28. Ba3 Rb7 29. h4 Qf7 30. Qd2 Ra7 31. Bb2 Bd7 32. Rg4 Rb8 33. Reg3 1-0

[Event "Wch FIDE Online U18 Asia qual"]
[Site "Tornelo INT"]
[Date "2020.12.11"]
[Round "2"]
[White "Sun, Chao"]
[Black "Yazan, Abo Khalaf"]
[Result "1-0"]
[WhiteElo "2089"]
[BlackElo "1688"]
[PlyCount "73"]
[EventDate "2020.12.11"]
[EventType "swiss (rapid)"]
[EventRounds "7"]
[EventCountry "ISS"]
[SourceTitle "EXT 2022"]
[Source "ChessBase"]
[SourceDate "2021.10.06"]
[SourceVersion "1"]
[SourceVersionDate "2021.10.06"]
[SourceQuality "1"]

1. Nf3 d5 2. c4 e6 3. d4 c6 4. e3 f5 5. Be2 Nf6 6. 0-0 Bd6 7. b3 0-0 8. Ba3 Bxa3 9. Nxa3 Nbd7 10. b4 Qe7 11. Qb3 Ne4 12. b5 g5 13. Rfd1 g4 14. Nd2 Qh4 15. g3 Qg5 16. Rac1 Ndf6 17. cxd5 cxd5 18. Nf1 Bd7 19. Rc7 Nd6 20. Nc2 Rac8 21. Rxc8 Rxc8 22. Ne1 Nfe4 23. b6 Nc3 24. Rd2 Nde4 25. Rb2 Nxe2+ 26. Rxe2 a6 27. Rc2 Bc6 28. Nd3 Qe7 29. Ne5 Ng5 30. Nxc6 bxc6 31. Rxc6 Rb8 32. Nd2 Qd7 33. Qc3 Qd8 34. b7 Kg7 35. Rc8 Qd6 36. Rxb8 Qxb8 37. Qc8 1-0

[Event "Penang op 11th"]
[Site "Penang"]
[Date "2019.12.11"]
[Round "4"]
[White "Chen, Kailin"]
[Black "Sun, Chao"]
[Result "1/2-1/2"]
[WhiteElo "1928"]
[BlackElo "2106"]
[PlyCount "85"]
[EventDate "2019.12.09"]
[EventType "swiss"]
[EventRounds "9"]
[EventCountry "MAS"]
[SourceTitle "CBM 193 Extra"]
[Source "ChessBase"]
[SourceDate "2020.01.31"]
[SourceVersion "1"]
[SourceVersionDate "2020.01.31"]
[SourceQuality "1"]

1. e4 e5 2. Nf3 Nc6 3. Bb5 a6 4. Ba4 Nf6 5. 0-0 Nxe4 6. d4 b5 7. Bb3 d5 8. dxe5 Be6 9. c3 Bc5 10. Nbd2 0-0 11. Qe2 Bf5 12. Bd1 Nxd2 13. Qxd2 Be4 14. Re1 h6 15. Bc2 Bxf3 16. gxf3 Qh4 17. Re2 Rae8 18. Qd3 g6 19. f4 Ne7 20. Be3 Qg4+ 21. Kh1 Qf3+ 22. Kg1 d4 23. Bxd4 Qxd3 24. Bxd3 Bxd4 25. cxd4 Rd8 26. Be4 Rxd4 27. Rc1 c6 28. Bxc6 Rc8 29. Rec2 Rxf4 30. Bb7 Rxc2 31. Rxc2 a5 32. Rc5 Rb4 33. b3 a4 34. Ba6 axb3 35. axb3 Rxb3 36. Bxb5 g5 37. Bc4 Rb7 38. Bd3 Rd7 39. Be4 Rd4 40. f3 Rd2 41. Rc7 Kf8 42. Ra7 Rb2 43. Ra8+ 1/2-1/2

[Event "Johor op 6th"]
[Site "Johor"]
[Date "2019.12.04"]
[Round "4"]
[White "Sadikin The, Irwanto"]
[Black "Sun, Chao"]
[Result "1-0"]
[WhiteElo "2301"]
[BlackElo "2106"]
[PlyCount "33"]
[EventDate "2019.12.02"]
[EventType "swiss"]
[EventRounds "9"]
[EventCountry "MAS"]
[SourceTitle "CBM 193 Extra"]
[Source "ChessBase"]
[SourceDate "2020.01.31"]
[SourceVersion "1"]
[SourceVersionDate "2020.01.31"]
[SourceQuality "1"]

1. d4 d5 2. Nf3 Nf6 3. c4 e6 4. Nc3 c5 5. cxd5 Nxd5 6. e3 Be7 7. Bb5+ Bd7 8. Bxd7+ Qxd7 9. Ne5 Nxc3 10. Qf3 Qc8 11. Qxf7+ Kd8 12. Qxg7 Rf8 13. bxc3 cxd4 14. 0-0 Nc6 15. cxd4 Nxe5 16. dxe5 Qc2 17. e4 1-0

[Event "Johor op 6th"]
[Site "Johor"]
[Date "2019.12.04"]
[Round "5"]
[White "Sun, Chao"]
[Black "Muzzafar, Ahmad"]
[Result "1-0"]
[WhiteElo "2106"]
[BlackElo "1842"]
[PlyCount "59"]
[EventDate "2019.12.02"]
[EventType "swiss"]
[EventRounds "9"]
[EventCountry "MAS"]
[SourceTitle "CBM 193 Extra"]
[Source "ChessBase"]
[SourceDate "2020.01.31"]
[SourceVersion "1"]
[SourceVersionDate "2020.01.31"]
[SourceQuality "1"]

1. Nf3 g6 2. d4 Bg7 3. g3 Nf6 4. Bg2 d6 5. 0-0 0-0 6. b3 c6 7. Bb2 Qa5 8. c4 Qh5 9. Re1 Bh3 10. Nc3 Nbd7 11. Qc2 e5 12. Rad1 Ng4 13. dxe5 Ndxe5 14. Bh1 Nxf2 15. Kxf2 Ng4+ 16. Kg1 Rae8 17. e3 Nxe3 18. Qd2 Nxd1 19. Nxd1 Bxb2 20. Nxb2 Bg4 21. Qf2 Bxf3 22. Rxe8 Rxe8 23. Bxf3 Qf5 24. Kg2 Qb1 25. Nd1 Qc1 26. Qxa7 c5 27. Qxb7 Qd2+ 28. Nf2 Re5 29. a4 Re1 30. Bd5 1-0

[Event "Belt and Road Hunan op-B"]
[Site "Changsha"]
[Date "2019.08.01"]
[Round "7"]
[White "Wang, Zideng"]
[Black "Sun, Chao"]
[Result "1/2-1/2"]
[WhiteElo "2018"]
[BlackElo "2127"]
[PlyCount "65"]
[EventDate "2019.07.29"]
[EventType "swiss"]
[EventRounds "9"]
[EventCountry "CHN"]
[SourceTitle "EXT 2020"]
[Source "ChessBase"]
[SourceDate "2019.10.17"]
[SourceVersion "1"]
[SourceVersionDate "2019.10.17"]
[SourceQuality "1"]

1. d4 e6 2. c4 Nf6 3. g3 d5 4. Bg2 dxc4 5. Nf3 Nc6 6. Qa4 Bb4+ 7. Bd2 Nd5 8. Bxb4 Ndxb4 9. 0-0 Rb8 10. Na3 0-0 11. Qb5 b6 12. Qxc4 Ba6 13. Nb5 Qd5 14. Qxd5 exd5 15. Nc3 Rfe8 16. Rfc1 Bxe2 17. Nxe2 Rxe2 18. a3 Nc2 19. Bf1 N6xd4 20. Bxe2 Nxe2+ 21. Kf1 Nxc1 22. Rxc1 Nxa3 23. bxa3 c5 24. Ne5 f6 25. Nc6 Rb7 26. Re1 Kf8 27. f4 Rd7 28. f5 g6 29. g4 gxf5 30. gxf5 d4 31. Ke2 Rd5 32. Nxa7 Rxf5 33. Nc8 1/2-1/2

[Event "Longtou Cup 2nd"]
[Site "Qinhuangdao"]
[Date "2019.04.23"]
[Round "7"]
[White "Sun, Chao"]
[Black "Li, Yunshan"]
[Result "0-1"]
[WhiteElo "2063"]
[BlackElo "2191"]
[PlyCount "54"]
[EventDate "2019.04.16"]
[EventType "swiss"]
[EventRounds "9"]
[EventCountry "CHN"]
[SourceTitle "CBM 190 Extra"]
[Source "ChessBase"]
[SourceDate "2019.07.15"]
[SourceVersion "1"]
[SourceVersionDate "2019.07.15"]
[SourceQuality "1"]

1. Nf3 Nf6 2. b3 g6 3. Bb2 Bg7 4. g3 0-0 5. Bg2 c5 6. c4 Nc6 7. 0-0 d6 8. d4 Ne4 9. e3 f5 10. Qe2 cxd4 11. exd4 e5 12. d5 Nd4 13. Nxd4 exd4 14. Qd3 Qf6 15. Rd1 Nc3 16. Rc1 Nxb1 17. Raxb1 f4 18. Qd2 Bf5 19. Ra1 Rae8 20. Re1 g5 21. gxf4 gxf4 22. Qxf4 Bb1 23. Qd2 Bh6 24. Rxe8 Bxd2 25. Rxf8+ Kxf8 26. Rxb1 Bc3 27. Be4 Qf4 0-1

[Event "Longtou Cup 2nd"]
[Site "Qinhuangdao"]
[Date "2019.04.22"]
[Round "6"]
[White "Zhang, Ziji"]
[Black "Sun, Chao"]
[Result "1/2-1/2"]
[WhiteElo "2414"]
[BlackElo "2063"]
[PlyCount "83"]
[EventDate "2019.04.16"]
[EventType "swiss"]
[EventRounds "9"]
[EventCountry "CHN"]
[SourceTitle "CBM 190 Extra"]
[Source "ChessBase"]
[SourceDate "2019.07.15"]
[SourceVersion "1"]
[SourceVersionDate "2019.07.15"]
[SourceQuality "1"]

1. d4 e6 2. c4 Nf6 3. Nf3 d5 4. Nc3 Bb4 5. cxd5 exd5 6. Bg5 h6 7. Bh4 g5 8. Bg3 Ne4 9. Nd2 Nxc3 10. bxc3 Bxc3 11. Rc1 Ba5 12. h4 g4 13. e3 c6 14. Be2 Rg8 15. 0-0 Bc7 16. Bxc7 Qxc7 17. e4 Be6 18. exd5 Bxd5 19. Re1 g3 20. Bc4+ Kd8 21. f3 Qf4 22. Nf1 Nd7 23. Bxd5 cxd5 24. Qa4 Rg6 25. Qa5+ Nb6 26. Qc5 Re6 27. Re5 Rxe5 28. Qc7+ Ke8 29. Qxe5+ Qxe5 30. dxe5 Rc8 31. Re1 Rc2 32. Nxg3 Rxa2 33. h5 d4 34. Rd1 Nd5 35. Rxd4 Ne3 36. Ne4 Rxg2+ 37. Kh1 Rb2 38. Nf6+ Ke7 39. Ng8+ Ke6 40. Nxh6 Nf5 41. Nxf5 Kxf5 42. h6 1/2-1/2

[Event "Longtou Cup 2nd"]
[Site "Qinhuangdao"]
[Date "2019.04.17"]
[Round "2"]
[White "Lu, Shanglei"]
[Black "Sun, Chao"]
[Result "1/2-1/2"]
[WhiteElo "2625"]
[BlackElo "2063"]
[PlyCount "94"]
[EventDate "2019.04.16"]
[EventType "swiss"]
[EventRounds "9"]
[EventCountry "CHN"]
[SourceTitle "CBM 190 Extra"]
[Source "ChessBase"]
[SourceDate "2019.07.15"]
[SourceVersion "1"]
[SourceVersionDate "2019.07.15"]
[SourceQuality "1"]

1. e4 e5 2. Bc4 Nc6 3. Nf3 Bc5 4. c3 Nf6 5. d3 d6 6. b4 Bb6 7. Bg5 h6 8. Bh4 Ne7 9. Bxf6 gxf6 10. Nbd2 f5 11. Bb3 Ng6 12. d4 exd4 13. Nxd4 Qg5 14. g3 f4 15. Nc4 Bh3 16. Nxb6 axb6 17. Qd2 Ne5 18. gxf4 Qxf4 19. Qxf4 Nd3+ 20. Kd2 Nxf4 21. Rhg1 c5 22. Nb5 Ke7 23. Ke3 Ng2+ 24. Ke2 Rag8 25. Nc7 Be6 26. f3 Rg7 27. Kf2 Rhg8 28. Nd5+ Bxd5 29. Bxd5 Nf4 30. Rxg7 Rxg7 31. Bxb7 Kf6 32. e5+ Kxe5 33. Re1+ Kf5 34. Bc8+ Kf6 35. Re4 Nd5 36. bxc5 dxc5 37. c4 Nc3 38. Rh4 Rh7 39. a3 h5 40. Rf4+ Ke7 41. Bf5 Rh8 42. Rh4 Kf6 43. Bc2 Kg5 44. Rh3 Kf4 45. Rh4+ Kg5 46. Rh3 Kf4 47. Rh4+ Kg5 1/2-1/2

[Event "Da Qing U20 op-A"]
[Site "Da Qing"]
[Date "2019.01.23"]
[Round "7"]
[White "Sun, Chao"]
[Black "Gu, Jiazhen"]
[Result "0-1"]
[WhiteElo "2080"]
[BlackElo "1968"]
[PlyCount "60"]
[EventDate "2019.01.20"]
[EventType "swiss"]
[EventRounds "9"]
[EventCountry "CHN"]
[SourceTitle "CBM 188 Extra"]
[Source "ChessBase"]
[SourceDate "2019.02.26"]
[SourceVersion "1"]
[SourceVersionDate "2019.02.26"]
[SourceQuality "1"]

1. d4 Nf6 2. c4 g6 3. g3 c6 4. Bg2 Bg7 5. Nf3 0-0 6. 0-0 d5 7. Qa4 Nbd7 8. cxd5 Nb6 9. Qa3 Nbxd5 10. Nc3 Bf5 11. Nh4 Nxc3 12. bxc3 Be4 13. f3 Bd5 14. Rb1 b5 15. e4 Bc4 16. Rf2 Nd7 17. f4 Re8 18. Be3 Nf6 19. Re1 Ng4 20. Rd2 Nxe3 21. Rxe3 e5 22. Nf3 exf4 23. gxf4 Bh6 24. Re1 Bxf4 25. Rf2 Bd3 26. e5 Bc4 27. Nd2 Qh4 28. Nf1 Bxf1 29. Bxf1 Bxh2+ 30. Rxh2 Qxe1 0-1

[Event "Da Qing U20 op-A"]
[Site "Da Qing"]
[Date "2019.01.23"]
[Round "8"]
[White "Zheng, Fangbing"]
[Black "Sun, Chao"]
[Result "0-1"]
[WhiteElo "1964"]
[BlackElo "2080"]
[PlyCount "128"]
[EventDate "2019.01.20"]
[EventType "swiss"]
[EventRounds "9"]
[EventCountry "CHN"]
[SourceTitle "CBM 188 Extra"]
[Source "ChessBase"]
[SourceDate "2019.02.26"]
[SourceVersion "1"]
[SourceVersionDate "2019.02.26"]
[SourceQuality "1"]

1. e4 e5 2. Nf3 Nc6 3. d3 Nf6 4. g3 Bc5 5. Bg2 d6 6. Qe2 Bg4 7. c3 h6 8. h3 Bd7 9. Nbd2 a5 10. Nf1 0-0 11. N1h2 Qe7 12. 0-0 Rfe8 13. g4 Nh7 14. h4 Nd8 15. Be3 Ba7 16. Kh1 Ne6 17. Rg1 g5 18. Bf1 Nf4 19. Qd2 Bc6 20. Re1 Qf6 21. Qc2 Kh8 22. h5 Nf8 23. d4 Kg8 24. d5 Bd7 25. Nd2 c6 26. c4 Bd4 27. Nb3 c5 28. Qd2 b6 29. Bxf4 Qxf4 30. Qxf4 gxf4 31. Nxd4 cxd4 32. g5 Kg7 33. gxh6+ Kxh6 34. Be2 Nh7 35. Bg4 Nf6 36. Bxd7 Nxd7 37. Ng4+ Kh7 38. f3 Rg8 39. Rg2 f5 40. exf5 Raf8 41. Kg1 Rxf5 42. Kf2 Rxh5 43. Reg1 a4 44. Ke2 Rh3 45. Kd1 Rg6 46. Ke2 Kg7 47. Nf2 Rhg3 48. Rxg3 Rxg3 49. Rxg3+ fxg3 50. Ne4 Nc5 51. Nxg3 Kg6 52. Ne4 Nxe4 53. fxe4 Kf7 54. Kd3 Ke7 55. b3 Kd7 56. b4 b5 57. c5 dxc5 58. bxc5 b4 59. Kc4 b3 60. axb3 a3 61. d6 a2 62. Kd5 a1Q 63. c6+ Kd8 64. Ke6 Qa5 0-1

[Event "Da Qing U20 op-A"]
[Site "Da Qing"]
[Date "2019.01.21"]
[Round "3"]
[White "Sun, Chao"]
[Black "Aragones, Jerome Angelo"]
[Result "1/2-1/2"]
[WhiteElo "2080"]
[BlackElo "1823"]
[PlyCount "95"]
[EventDate "2019.01.20"]
[EventType "swiss"]
[EventRounds "9"]
[EventCountry "CHN"]
[SourceTitle "CBM 188 Extra"]
[Source "ChessBase"]
[SourceDate "2019.02.26"]
[SourceVersion "1"]
[SourceVersionDate "2019.02.26"]
[SourceQuality "1"]

1. Nf3 Nf6 2. c4 c6 3. b3 d5 4. Bb2 Bf5 5. g3 e6 6. Bg2 Nbd7 7. d3 h6 8. Nbd2 Bb4 9. a3 Bxd2+ 10. Nxd2 e5 11. cxd5 cxd5 12. 0-0 0-0 13. Rc1 Re8 14. Qc2 Rc8 15. Qb1 Qb6 16. h3 Qe6 17. Kh2 Qd6 18. Rxc8 Rxc8 19. Rc1 Rxc1 20. Qxc1 Nf8 21. Nf3 Ng6 22. d4 e4 23. Ne5 Ne8 24. b4 Qc7 25. Qxc7 Nxc7 26. Ng4 Bxg4 27. hxg4 Nf8 28. f3 exf3 29. exf3 g5 30. f4 f6 31. a4 b5 32. axb5 Nd7 33. Kg1 Nb6 34. Kf2 Kf7 35. Ke2 Ke6 36. Kd3 Kd6 37. Bf3 Ne6 38. Bc1 Nc4 39. Kc3 Nc7 40. Kd3 Nxb5 41. Bd1 Kc6 42. Bb3 Nb6 43. Bd2 Nd6 44. Be1 Kb5 45. Bd1 Ndc8 46. Kc3 Ne7 47. Be2+ Nc4 48. Kb3 1/2-1/2

[Event "Johor op 5th"]
[Site "Johor"]
[Date "2018.12.14"]
[Round "7"]
[White "Sun, Chao"]
[Black "Castellano, Christopher"]
[Result "1-0"]
[WhiteElo "2110"]
[BlackElo "2168"]
[PlyCount "83"]
[EventDate "2018.12.10"]
[EventType "swiss"]
[EventRounds "9"]
[EventCountry "MAS"]
[SourceTitle "CBM 187 Extra"]
[Source "ChessBase"]
[SourceDate "2018.11.04"]
[SourceVersion "1"]
[SourceVersionDate "2018.11.04"]
[SourceQuality "1"]

1. Nf3 Nf6 2. c4 g6 3. b3 Bg7 4. Bb2 d6 5. d4 0-0 6. g3 e5 7. dxe5 Nfd7 8. Bg2 dxe5 9. Nfd2 Nc6 10. Nc3 f5 11. Nd5 Nd4 12. Bxd4 exd4 13. Nf4 Ne5 14. h4 c6 15. Rb1 Qe7 16. Nf3 Nxf3+ 17. Bxf3 Be6 18. Qd2 Bf7 19. Nd3 a5 20. a4 Rfe8 21. c5 Qf8 22. Qc2 Qe7 23. b4 axb4 24. Rxb4 Ra7 25. 0-0 h6 26. Rfb1 Qc7 27. Qd2 Re7 28. Kf1 Qd8 29. Bxc6 Qa5 30. Bf3 Re4 31. R1b2 Kh7 32. Qc2 Bd5 33. Bxe4 fxe4 34. Nf4 Bc6 35. Qc4 e3 36. fxe3 dxe3 37. Qc2 Kg8 38. Qxg6 Kh8 39. Ne6 Bxb2 40. Qxh6+ Kg8 41. Qg6+ Kh8 42. Rg4 1-0